000 00418nam a2200157 i 4500
001 81044
003 ES-MaACL
005 20230906174345.0
007 t|
008 041102s1978 fr ||||1| spa d
245 0 0 _aHomenaje a Diego Martínez Barrio.
260 _aParís :
_b[s.n.,
_c1978]
300 _a245 p., 6 lám. ;
_c24 cm.
600 0 4 _aMartínez Barrio, Diego.
_977888
852 _aES-MaACL
_jA-9250
_bR.98082
999 _c81044
_d81044